Discrete mathematical structures : (Record no. 28481)
[ view plain ]
| 000 -LEADER | |
|---|---|
| fixed length control field | 01210nam a2200289 i 4500 |
| 003 - CONTROL NUMBER IDENTIFIER | |
| control field | CSPC |
| 005 - DATE AND TIME OF LATEST TRANSACTION | |
| control field | 20241120104316.0 |
| 008 - FIXED-LENGTH DATA ELEMENTS--GENERAL INFORMATION | |
| fixed length control field | 241119s2020 flu b 001 0 eng d |
| 020 ## - INTERNATIONAL STANDARD BOOK NUMBER | |
| International Standard Book Number | 9780367779443 |
| 040 ## - CATALOGING SOURCE | |
| Transcribing agency | CSPC |
| Original cataloging agency | CSPC |
| Language of cataloging | eng |
| Description conventions | rda |
| 050 04 - LIBRARY OF CONGRESS CALL NUMBER | |
| Classification number | QA297.4 |
| Item number | .K86 2020 |
| 082 04 - DEWEY DECIMAL CLASSIFICATION NUMBER | |
| Classification number | 518.25 |
| Item number | K960d |
| Edition number | 23 |
| 100 1# - MAIN ENTRY--PERSONAL NAME | |
| Personal name | Kumar, B.V. Senthil, |
| Relator term | author. |
| 245 10 - TITLE STATEMENT | |
| Title | Discrete mathematical structures : |
| Remainder of title | a succinct foundation / |
| Statement of responsibility, etc. | B.V. Senthil Kumar and Hemen Dutta. |
| 264 #1 - PRODUCTION, PUBLICATION, DISTRIBUTION, MANUFACTURE, AND COPYRIGHT NOTICE | |
| Place of production, publication, distribution, manufacture | Boca Raton, Florida : |
| Name of producer, publisher, distributor, manufacturer | CRC Press, an imprint of Taylor & Francis Group, |
| Date of production, publication, distribution, manufacture, or copyright notice | 2020. |
| 300 ## - PHYSICAL DESCRIPTION | |
| Extent | xi, 261 pages ; |
| Dimensions | 23 cm. |
| 336 ## - CONTENT TYPE | |
| Content type term | rdacontent |
| Content type code | text |
| 337 ## - MEDIA TYPE | |
| Media type term | rdamedia |
| Media type code | unmediated |
| 338 ## - CARRIER TYPE | |
| Carrier type term | rdacarrier |
| Carrier type code | volume |
| 490 ## - SERIES STATEMENT | |
| Series statement | Mathematics and its applications : modelling, engineering, and social sciences |
| 504 ## - BIBLIOGRAPHY, ETC. NOTE | |
| Bibliography, etc. note | Includes bibliographical references and index. |
| 505 0# - FORMATTED CONTENTS NOTE | |
| Formatted contents note | Logics and proofs -- Combinatorics -- Graphs -- Algebraic structures -- Lattices and Boolean algebra. |
| 650 #0 - SUBJECT ADDED ENTRY--TOPICAL TERM | |
| Topical term or geographic name entry element | Discrete mathematics. |
| 700 1# - ADDED ENTRY--PERSONAL NAME | |
| Personal name | Dutta, Hemen, |
| Relator term | author. |
| 942 ## - ADDED ENTRY ELEMENTS (KOHA) | |
| Koha item type | Books |
| Source of classification or shelving scheme | Dewey Decimal Classification |
| Suppress in OPAC | No |
| Classification part | 518.25 |
| Item part | K960d |
| Call number prefix | ENG |
| Call number suffix | 2020 |
| Edition | 23 |
| Withdrawn status | Lost status | Source of classification or shelving scheme | Damaged status | Not for loan | Home library | Current library | Shelving location | Date acquired | Total Checkouts | Full call number | Barcode | Date last seen | Copy number | Price effective from | Koha item type |
|---|---|---|---|---|---|---|---|---|---|---|---|---|---|---|---|
| Dewey Decimal Classification | Main Library | Main Library | Engineering Section | 11/20/2024 | ENG 518.25 K960d 2020 | 028458 | 11/20/2024 | 1-1 | 11/20/2024 | Books |